World Series Of Darts Sieger - Statistiken

Allgemein
  • Dieses Quiz wurde 242 mal gespielt
    110 seit der letzten Aktualisierung
  • Das Durchschnittsergebnis liegt bei 15 aus 18
Antwortstatistiken
Siege Nationalität Spieler % Korrekt
21 Niederlande Michael van Gerwen
100%
6 Schottland Gary Anderson
99%
5 Wales Gerwyn Price
99%
4 Schottland Peter Wright
99%
1 Australien Kyle Anderson
96%
8 England Phil Taylor
96%
2 Belgien Dimitri Van den Bergh
93%
2 Wales Jonny Clayton
90%
3 England Luke Littler
88%
1 Österreich Mensur Suljović
85%
1 Australien Damon Heta
84%
4 England Rob Cross
82%
1 England Luke Humphries
79%
1 England James Wade
70%
3 England Michael Smith
67%
1 England Adrian Lewis
66%
1 England Nathan Aspinall
61%
1 England Stephen Bunting
61%
Keine übereinstimmenden Quizze gefunden
Verteilung der Resultate
Anzahl Personen mit jedem Resultat
Perzentil nach korrekt beantworteten Fragen
Ihre Resultats-Entwicklung
Sie haben dieses Quiz seit der letzten Aktualisierung nicht gespielt